[Event "Glorney Gilbert International 2015 - Glorney"]
[Site "Johnstown House, Enfield, Co. Meath, Ireland"]
[Date "2015.07.21"]
[Round "4.2"]
[White "SCO Shafi, Declan"]
[Black "IRL Mulligan, Scott"]
[Result "1/2-1/2"]
[BlackElo "1957"]
[WhiteElo "1908"]
[LiveChessVersion "1.4.6"]

1. d4 {[%clk 1:30:57]} Nf6 {[%clk 1:30:46]} 2. Nf3 {[%clk 1:31:24]} g6
{[%clk 1:31:00]} 3. Bf4 {[%clk 1:31:48]} Bg7 {[%clk 1:31:25]} 4. e3
{[%clk 1:32:11]} O-O {[%clk 1:31:41]} 5. h3 {[%clk 1:32:16]} c5 {[%clk 1:28:49]}
6. c3 {[%clk 1:31:56]} d5 {[%clk 1:27:09]} 7. Be2 {[%clk 1:31:28]} Nc6
{[%clk 1:26:48]} 8. O-O {[%clk 1:30:37]} Qb6 {[%clk 1:12:32]} 9. Qb3
{[%clk 1:28:42]} Qxb3 {[%clk 1:05:04]} 10. axb3 {[%clk 1:29:03]} b6
{[%clk 0:57:54]} 11. Nbd2 {[%clk 1:26:19]} Bb7 {[%clk 0:57:30]} 12. Ba6
{[%clk 1:22:43]} Bxa6 {[%clk 0:55:48]} 13. Rxa6 {[%clk 1:23:05]} Nd7
{[%clk 0:54:29]} 14. Ra4 {[%clk 1:12:48]} e5 {[%clk 0:49:46]} 15. dxe5
{[%clk 1:12:07]} Ndxe5 {[%clk 0:48:46]} 16. Nxe5 {[%clk 1:11:34]} Nxe5
{[%clk 0:48:56]} 17. Bxe5 {[%clk 1:09:50]} Bxe5 {[%clk 0:49:17]} 18. Nf3
{[%clk 1:09:51]} Bf6 {[%clk 0:46:46]} 19. Ra6 {[%clk 1:05:55]} Rfd8
{[%clk 0:32:40]} 20. Rfa1 {[%clk 1:02:09]} d4 {[%clk 0:31:57]} 21. exd4
{[%clk 1:02:02]} cxd4 {[%clk 0:32:20]} 22. cxd4 {[%clk 1:02:23]} Bxd4
{[%clk 0:30:54]} 23. Nxd4 {[%clk 1:02:09]} Rxd4 {[%clk 0:31:12]} 24. Rxb6
{[%clk 1:02:08]} Rd1+ {[%clk 0:30:53]} 25. Rxd1 {[%clk 1:02:28]} axb6
{[%clk 0:31:15]} 26. Rd6 {[%clk 1:02:39]} Rb8 {[%clk 0:31:40]} 27. Kf1
{[%clk 1:02:35]} Kf8 {[%clk 0:32:05]} 28. Ke2 {[%clk 1:02:31]} Ke7
{[%clk 0:32:30]} 29. Rc6 {[%clk 1:02:29]} Kd7 {[%clk 0:32:50]} 30. Rc4
{[%clk 1:01:38]} Re8+ {[%clk 0:30:36]} 31. Kd2 {[%clk 1:01:54]} Re5
{[%clk 0:29:57]} 32. Rh4 {[%clk 1:01:07]} h5 {[%clk 0:29:42]} 33. Rf4
{[%clk 1:01:21]} f5 {[%clk 0:28:39]} 34. Rd4+ {[%clk 0:58:15]} Kc6
{[%clk 0:28:25]} 35. Rc4+ {[%clk 0:57:58]} Kd6 {[%clk 0:22:21]} 36. Rd4+
{[%clk 0:57:29]} Kc6 {[%clk 0:20:20]} 37. Rc4+ {[%clk 0:57:34]} 1/2-1/2

[Event "Glorney Gilbert International 2015 - Glorney"]
[Site "Johnstown House, Enfield, Co. Meath, Ireland"]
[Date "2015.07.21"]
[Round "4.3"]
[White "IRL Byrne, Alex"]
[Black "SCO Milton, Carl"]
[Result "1/2-1/2"]
[BlackElo "1777"]
[WhiteElo "1558"]
[LiveChessVersion "1.4.6"]

1. d4 d5 2. c4 c6 3. Nc3 Nf6 4. Bf4 a6 5. e3 Bf5 6. Qb3 Ra7 7. cxd5 cxd5 8. Bxb8
Qxb8 9. Nxd5 Nxd5 10. Qxd5 e6 11. Qb3 b5 12. Nf3 Rc7 13. Bd3 Bxd3 14. Qxd3 Bb4+
15. Nd2 Qc8 16. O-O Rc2 17. Nb3 Qc4 18. Qxc4 bxc4 19. Nc5 Bxc5 20. dxc5 Rxb2 21.
Rab1 Rxb1 22. Rxb1 Kd7 23. Rc1 Rb8 24. c6+ Kxc6 25. Rxc4+ Kd5 26. Rd4+ Kc6 27. g3
Rb2 28. Ra4 Kb5 29. Ra3 1/2-1/2

[Event "Glorney Gilbert International 2015 - Glorney"]
[Site "Johnstown House, Enfield, Co. Meath, Ireland"]
[Date "2015.07.21"]
[Round "4.4"]
[White "SCO Underwood, Jamie"]
[Black "IRL O'Gorman, Tom"]
[Result "0-1"]
[BlackElo "1859"]
[WhiteElo "1534"]
[LiveChessVersion "1.4.6"]

1. c4 {[%clk 1:30:52]} e5 {[%clk 1:30:50]} 2. Nc3 {[%clk 1:31:13]} Nc6
{[%clk 1:31:13]} 3. g3 {[%clk 1:31:39]} f5 {[%clk 1:31:38]} 4. Bg2
{[%clk 1:31:53]} Nf6 {[%clk 1:32:00]} 5. d3 {[%clk 1:31:45]} Bb4 {[%clk 1:30:59]}
6. Bd2 {[%clk 1:26:38]} O-O {[%clk 1:30:30]} 7. e4 {[%clk 1:23:35]} d6
{[%clk 1:28:17]} 8. Nge2 {[%clk 1:21:35]} fxe4 {[%clk 1:25:19]} 9. dxe4
{[%clk 1:15:48]} Bg4 {[%clk 1:23:56]} 10. f3 {[%clk 1:14:41]} Bh5
{[%clk 1:18:37]} 11. a3 {[%clk 1:14:24]} Bc5 {[%clk 1:18:41]} 12. b4
{[%clk 1:14:02]} Bb6 {[%clk 1:18:53]} 13. Na4 {[%clk 1:13:56]} Bd4
{[%clk 1:10:50]} 14. Bc3 {[%clk 1:05:22]} Nxe4 {[%clk 1:05:51]} 15. Bxd4
{[%clk 0:58:05]} Nxd4 {[%clk 1:05:41]} 16. Nxd4 {[%clk 0:57:57]} exd4
{[%clk 1:05:51]} 17. Qxd4 {[%clk 0:57:59]} Ng5 {[%clk 1:04:11]} 18. Qd5+
{[%clk 0:53:10]} Bf7 {[%clk 1:03:58]} 19. Qd3 {[%clk 0:52:28]} Qe8+
{[%clk 1:04:15]} 20. Kf2 {[%clk 0:51:02]} Qxa4 {[%clk 1:04:27]} 21. f4
{[%clk 0:49:12]} Kh8 {[%clk 1:04:11]} 22. Rhe1 {[%clk 0:48:32]} Bg6
{[%clk 1:04:23]} 23. Qd5 {[%clk 0:44:53]} Nf7 {[%clk 1:00:38]} 24. Kg1
{[%clk 0:42:45]} Qc6 {[%clk 0:58:46]} 25. Qe6 {[%clk 0:35:14]} Qb6+
{[%clk 0:57:11]} 26. Kh1 {[%clk 0:35:16]} Nh6 {[%clk 0:56:50]} 27. h3
{[%clk 0:26:03]} Qf2 {[%clk 0:56:01]} 0-1

[Event "Glorney Gilbert International 2015 - Glorney"]
[Site "Johnstown House, Enfield, Co. Meath, Ireland"]
[Date "2015.07.21"]
[Round "4.5"]
[White "IRL Maher, Conor"]
[Black "SCO He, Ben"]
[Result "0-1"]
[BlackElo "1704"]
[WhiteElo "1947"]
[LiveChessVersion "1.4.6"]

1. e4 {[%clk 1:30:56]} e6 {[%clk 1:30:56]} 2. Nf3 {[%clk 1:31:13]} d5
{[%clk 1:31:16]} 3. e5 {[%clk 1:31:39]} c5 {[%clk 1:31:36]} 4. b4
{[%clk 1:32:04]} d4 {[%clk 1:31:26]} 5. bxc5 {[%clk 1:31:04]} Bxc5
{[%clk 1:31:27]} 6. Bc4 {[%clk 1:30:49]} Ne7 {[%clk 1:31:05]} 7. d3
{[%clk 1:30:44]} Bd7 {[%clk 1:30:00]} 8. Nbd2 {[%clk 1:29:47]} b5
{[%clk 1:27:15]} 9. Bb3 {[%clk 1:29:29]} Bc6 {[%clk 1:27:35]} 10. Qe2
{[%clk 1:29:08]} Bb4 {[%clk 1:24:52]} 11. O-O {[%clk 1:28:56]} Bc3
{[%clk 1:23:41]} 12. Rb1 {[%clk 1:27:23]} O-O {[%clk 1:22:51]} 13. Ne4
{[%clk 1:25:22]} Bxe4 {[%clk 1:23:11]} 14. Qxe4 {[%clk 1:25:32]} Na6
{[%clk 1:23:10]} 15. Bg5 {[%clk 1:24:05]} Nc5 {[%clk 1:21:29]} 16. Qh4
{[%clk 1:23:41]} Re8 {[%clk 1:21:45]} 17. Qh5 {[%clk 1:17:49]} Qd7
{[%clk 1:19:55]} 18. h4 {[%clk 1:11:21]} Nf5 {[%clk 1:18:09]} 19. Qg4
{[%clk 1:09:04]} a5 {[%clk 1:10:56]} 20. a3 {[%clk 1:08:10]} a4 {[%clk 1:10:13]}
21. Ba2 {[%clk 1:08:30]} Reb8 {[%clk 1:10:17]} 22. Nh2 {[%clk 1:04:46]} b4
{[%clk 1:05:20]} 23. axb4 {[%clk 1:05:00]} Bxb4 {[%clk 1:05:18]} 24. Qf3
{[%clk 1:05:06]} Qb7 {[%clk 0:59:56]} 25. Qh3 {[%clk 0:57:15]} h6
{[%clk 0:55:56]} 26. Bf4 {[%clk 0:54:21]} a3 {[%clk 0:55:46]} 27. g4
{[%clk 0:47:06]} Ne7 {[%clk 0:56:10]} 28. Rfd1 {[%clk 0:38:01]} Na4
{[%clk 0:55:51]} 29. Bd2 {[%clk 0:38:18]} Nc6 {[%clk 0:54:58]} 30. Qf3
{[%clk 0:37:45]} Qc8 {[%clk 0:53:57]} 31. Nf1 {[%clk 0:32:51]} Bxd2
{[%clk 0:52:47]} 32. Rxd2 {[%clk 0:32:34]} Rxb1 {[%clk 0:52:47]} 0-1

[Event "Glorney Gilbert International 2015 - Glorney"]
[Site "Johnstown House, Enfield, Co. Meath, Ireland"]
[Date "2015.07.21"]
[Round "4.6"]
[White "ENG Willson, Ollie"]
[Black "WLS Evans, Nicholas"]
[Result "1-0"]
[BlackElo "1923"]
[WhiteElo "1909"]
[LiveChessVersion "1.4.6"]

1. d4 {[%clk 1:30:54]} d5 {[%clk 1:30:55]} 2. c4 {[%clk 1:31:20]} e6
{[%clk 1:31:20]} 3. Nf3 {[%clk 1:31:36]} c6 {[%clk 1:31:45]} 4. e3
{[%clk 1:31:45]} Nf6 {[%clk 1:32:06]} 5. Bd3 {[%clk 1:32:01]} Nbd7
{[%clk 1:29:49]} 6. O-O {[%clk 1:31:29]} Be7 {[%clk 1:25:41]} 7. b3
{[%clk 1:28:30]} O-O {[%clk 1:21:53]} 8. Nc3 {[%clk 1:25:59]} b6 {[%clk 1:21:52]}
9. e4 {[%clk 1:18:52]} dxe4 {[%clk 1:21:09]} 10. Nxe4 {[%clk 1:19:18]} Bb7
{[%clk 1:18:03]} 11. Bb2 {[%clk 1:10:27]} c5 {[%clk 1:08:33]} 12. Qe2
{[%clk 1:04:40]} Nxe4 {[%clk 1:02:07]} 13. Bxe4 {[%clk 1:05:03]} Bxe4
{[%clk 1:02:26]} 14. Qxe4 {[%clk 1:05:29]} Nf6 {[%clk 1:02:41]} 15. Qe2
{[%clk 0:53:57]} Qc7 {[%clk 0:58:29]} 16. Rfe1 {[%clk 0:53:55]} Rfd8
{[%clk 0:55:44]} 17. d5 {[%clk 0:52:23]} Bd6 {[%clk 0:42:05]} 18. dxe6
{[%clk 0:51:34]} fxe6 {[%clk 0:40:35]} 19. Qxe6+ {[%clk 0:51:00]} Qf7
{[%clk 0:40:45]} 20. Qxf7+ {[%clk 0:45:42]} Kxf7 {[%clk 0:41:08]} 21. Rad1
{[%clk 0:44:50]} Bc7 {[%clk 0:30:19]} 22. g3 {[%clk 0:34:49]} h6 {[%clk 0:22:29]}
23. Ne5+ {[%clk 0:26:46]} Bxe5 {[%clk 0:22:19]} 24. Bxe5 {[%clk 0:27:12]} Kg6
{[%clk 0:16:16]} 25. Kg2 {[%clk 0:27:12]} Ng4 {[%clk 0:16:16]} 26. Bc3
{[%clk 0:27:12]} Nf6 {[%clk 0:16:16]} 27. Rxd8 {[%clk 0:27:12]} Rxd8
{[%clk 0:16:16]} 28. Re7 {[%clk 0:27:12]} a6 {[%clk 0:16:16]} 29. Re6
{[%clk 0:27:12]} b5 {[%clk 0:16:16]} 30. Rxa6 {[%clk 0:27:12]} bxc4
{[%clk 0:16:16]} 31. bxc4 {[%clk 0:27:12]} Rd3 {[%clk 0:16:16]} 32. Bxf6
{[%clk 0:27:12]} gxf6 {[%clk 0:16:16]} 33. Ra5 {[%clk 0:27:12]} Rd2
{[%clk 0:16:16]} 34. Rxc5 {[%clk 0:27:12]} Rxa2 {[%clk 0:16:16]} 35. Rd5
{[%clk 0:27:12]} Rc2 {[%clk 0:16:16]} 36. c5 {[%clk 0:27:12]} Rc3
{[%clk 0:16:16]} 37. Kf1 {[%clk 0:27:12]} f5 {[%clk 0:16:16]} 38. Rd6+
{[%clk 0:27:12]} Kg5 {[%clk 0:16:16]} 39. h4+ {[%clk 0:27:12]} Kg4
{[%clk 0:16:16]} 40. Kg2 {[%clk 0:27:12]} Rxc5 {[%clk 0:16:16]} 41. Rxh6
{[%clk 0:27:12]} Rc2 {[%clk 0:16:16]} 42. Rg6+ {[%clk 0:27:12]} Kh5
{[%clk 0:16:16]} 43. Rg5+ {[%clk 0:27:12]} Kh6 {[%clk 0:16:16]} 44. Rxf5
{[%clk 0:27:12]} Kg6 {[%clk 0:16:16]} 45. Rf4 {[%clk 0:27:12]} Rc5
{[%clk 0:16:16]} 46. Kh3 {[%clk 0:27:12]} Kh5 {[%clk 0:16:16]} 47. g4+
{[%clk 0:27:12]} Kg6 {[%clk 0:16:16]} 48. Kg3 {[%clk 0:27:12]} Rc3+
{[%clk 0:16:16]} 49. f3 {[%clk 0:27:12]} Rc1 {[%clk 0:16:16]} 50. h5+
{[%clk 0:27:12]} Kh6 {[%clk 0:16:16]} 51. Ra4 {[%clk 0:27:12]} Rg1+
{[%clk 0:16:16]} 52. Kf4 {[%clk 0:27:12]} Rb1 {[%clk 0:16:16]} 53. Ra6+
{[%clk 0:27:12]} Kg7 {[%clk 0:16:16]} 54. g5 {[%clk 0:27:12]} Rb5
{[%clk 0:16:16]} 55. Kg4 {[%clk 0:27:12]} Rb4+ {[%clk 0:16:16]} 56. f4
{[%clk 0:27:12]} Rb5 {[%clk 0:16:16]} 57. h6+ {[%clk 0:27:12]} Kh7
{[%clk 0:16:16]} 58. Ra7+ {[%clk 0:27:12]} Kg8 {[%clk 0:16:16]} 59. Ra8+
{[%clk 0:27:12]} Kh7 {[%clk 0:16:16]} 60. Ra4 {[%clk 0:27:12]} Rb1
{[%clk 0:16:16]} 61. Ra7+ {[%clk 0:27:12]} Kg8 {[%clk 0:16:16]} 62. g6
{[%clk 0:27:12]} Rb8 {[%clk 0:16:16]} 63. Kg5 {[%clk 0:27:12]} Kh8
{[%clk 0:16:16]} 64. f5 {[%clk 0:27:12]} Kg8 {[%clk 0:16:16]} 65. h7+
{[%clk 0:27:12]} Kh8 {[%clk 0:16:16]} 66. Kh6 {[%clk 0:27:12]} Rb7
{[%clk 0:16:16]} 67. Ra8+ {[%clk 0:27:12]} Rb8 {[%clk 0:16:16]} 68. g7#
{[%clk 0:27:12]} 1-0

[Event "Glorney Gilbert International 2015 - Glorney"]
[Site "Johnstown House, Enfield, Co. Meath, Ireland"]
[Date "2015.07.21"]
[Round "4.7"]
[White "WLS Thomas,Ben"]
[Black "ENG Fraser, John"]
[Result "1-0"]
[BlackElo "1913"]
[WhiteElo "1850"]
[LiveChessVersion "1.4.6"]

1. e4 {[%clk 1:30:47]} c5 {[%clk 1:30:47]} 2. c3 {[%clk 1:30:58]} Qa5
{[%clk 1:30:54]} 3. Bc4 {[%clk 1:26:55]} Nc6 {[%clk 1:28:43]} 4. Nf3
{[%clk 1:26:14]} e6 {[%clk 1:28:53]} 5. Qe2 {[%clk 1:25:00]} Be7 {[%clk 1:20:25]}
6. O-O {[%clk 1:21:21]} Nf6 {[%clk 1:15:34]} 7. e5 {[%clk 1:13:35]} Nd5
{[%clk 1:14:24]} 8. Bxd5 {[%clk 1:06:11]} exd5 {[%clk 1:14:49]} 9. d4
{[%clk 1:06:25]} c4 {[%clk 0:54:04]} 10. Ne1 {[%clk 1:00:36]} O-O
{[%clk 0:46:17]} 11. f4 {[%clk 0:58:39]} f5 {[%clk 0:37:39]} 12. Nc2
{[%clk 0:55:26]} d6 {[%clk 0:24:47]} 13. b3 {[%clk 0:52:56]} cxb3
{[%clk 0:11:45]} 14. axb3 {[%clk 0:52:41]} Qb6 {[%clk 0:11:53]} 15. Nd2
{[%clk 0:49:13]} dxe5 {[%clk 0:11:39]} 16. fxe5 {[%clk 0:49:16]} Be6
{[%clk 0:11:38]} 17. Rb1 {[%clk 0:44:42]} a5 {[%clk 0:11:12]} 18. Kh1
{[%clk 0:38:51]} Rac8 {[%clk 0:08:03]} 19. Bb2 {[%clk 0:36:42]} f4
{[%clk 0:03:12]} 20. Qf3 {[%clk 0:22:56]} Rcd8 {[%clk 0:02:59]} 21. Ne1
{[%clk 0:22:56]} Bf5 {[%clk 0:02:59]} 22. Ra1 {[%clk 0:22:56]} g5
{[%clk 0:02:59]} 23. h3 {[%clk 0:22:56]} Rf7 {[%clk 0:02:59]} 24. Ra2
{[%clk 0:22:56]} Nb8 {[%clk 0:02:59]} 25. c4 {[%clk 0:22:56]} Bb4
{[%clk 0:02:59]} 26. Rf2 {[%clk 0:22:56]} Qh6 {[%clk 0:02:59]} 27. Kg1
{[%clk 0:22:56]} Rg7 {[%clk 0:02:59]} 28. cxd5 {[%clk 0:22:56]} g4
{[%clk 0:02:59]} 29. hxg4 {[%clk 0:22:56]} Rxg4 {[%clk 0:02:59]} 30. Kf1
{[%clk 0:22:56]} Bxd2 {[%clk 0:02:59]} 31. Rxd2 {[%clk 0:22:56]} Qh1+
{[%clk 0:02:59]} 32. Ke2 {[%clk 0:22:56]} Rg3 {[%clk 0:02:59]} 33. Qxf4
{[%clk 0:22:56]} Bg4+ {[%clk 0:02:59]} 34. Kf2 {[%clk 0:22:56]} Rf8
{[%clk 0:02:59]} 35. Qxf8+ {[%clk 0:22:56]} Kxf8 {[%clk 0:02:59]} 36. Kxg3
{[%clk 0:22:56]} Qxe1+ {[%clk 0:02:59]} 37. Kxg4 {[%clk 0:22:56]} Kg7 38. Ba3 Kg6
39. Re2 Qc3 40. Rad2 Qxb3 41. e6 Qxa3 42. e7 h5+ 43. Kh4 Qd6 44. e8=Q+ Kf5 45.
Rf2+ Qf4+ 46. Rxf4+ Kxf4 47. Rf2# 1-0

[Event "Glorney Gilbert International 2015 - Glorney"]
[Site "Johnstown House, Enfield, Co. Meath, Ireland"]
[Date "2015.07.22"]
[Round "5.1"]
[White "WLS Evans, Nicholas"]
[Black "IRL O'Donnell, Conor"]
[Result "0-1"]
[BlackElo "2263"]
[WhiteElo "1923"]
[LiveChessVersion "1.4.6"]

1. d4 e6 2. c4 b6 3. Nf3 Bb7 4. e3 Nf6 5. Bd3 Be7 6. O-O O-O 7. Nbd2 c5 8. b3 d6
9. Bb2 Nbd7 10. Qe2 Qc7 11. e4 cxd4 12. Nxd4 Rfe8 13. Rac1 Rad8 14. Kh1 Qb8 15.
Bb1 Nf8 16. Bd3 N8d7 17. Bb1 Nf8 18. f4 N6d7 19. Nc2 Ng6 20. Ne3 Bf6 21. Bxf6
Nxf6 22. Rce1 Bc6 23. Ng4 Nd7 24. e5 dxe5 25. fxe5 Ngxe5 26. Nxe5 Nxe5 27. Bxh7+
Kxh7 28. Qh5+ Kg8 29. Rxe5 Bxg2+ 30. Kxg2 Rxd2+ 31. Re2 Qb7+ 32. Kg1 Red8 33. Qg5
Qd7 34. Rxd2 Qxd2 35. Qg3 Qxa2 36. Qf3 Rd7 37. Qa8+ Kh7 38. Qe4+ g6 39. Qh4+ Kg8
40. Qg3 Qd2 41. Rf2 Qe1+ 42. Kg2 Qe4+ 43. Rf3 Rd3 0-1

[Event "Glorney Gilbert International 2015 - Glorney"]
[Site "Johnstown House, Enfield, Co. Meath, Ireland"]
[Date "2015.07.22"]
[Round "5.2"]
[White "IRL Mulligan, Scott"]
[Black "WLS Thomas,Ben"]
[Result "1-0"]
[BlackElo "1850"]
[WhiteElo "1957"]
[LiveChessVersion "1.4.6"]

1. e4 b6 2. d4 Bb7 3. Nc3 e6 4. Bd3 Bb4 5. Nge2 Nf6 6. O-O Bxc3 7. Nxc3 d5 8. e5
Nfd7 9. Qg4 g6 10. Bg5 Qc8 11. h4 Ba6 12. Nb5 Bxb5 13. Bxb5 a6 14. Ba4 b5 15. Bb3
c5 16. c3 Nc6 17. Rfe1 {[%clk 0:37:59]} c4 {[%clk 0:49:24]} 18. Bc2 Qc7
{[%clk 0:36:48]} 19. h5 {[%clk 0:32:13]} Nf8 {[%clk 0:33:32]} 20. Re3
{[%clk 0:24:36]} Ne7 {[%clk 0:22:40]} 21. Rf3 {[%clk 0:19:27]} h6
{[%clk 0:19:05]} 22. hxg6 {[%clk 0:15:16]} Nexg6 {[%clk 0:15:12]} 23. Bf6
{[%clk 0:13:34]} h5 {[%clk 0:13:06]} 24. Qg5 {[%clk 0:12:55]} Nh7
{[%clk 0:12:41]} 25. Qg3 {[%clk 0:12:20]} Rg8 {[%clk 0:10:52]} 26. Re1
{[%clk 0:08:11]} Kd7 {[%clk 0:06:35]} 27. Qh3 {[%clk 0:06:08]} Nxf6
{[%clk 0:06:01]} 28. Rxf6 {[%clk 0:06:17]} Kc6 {[%clk 0:05:13]} 29. Bxg6
{[%clk 0:06:33]} Rxg6 {[%clk 0:04:53]} 30. Rxg6 {[%clk 0:06:58]} fxg6
{[%clk 0:05:18]} 31. Qxe6+ {[%clk 0:07:24]} Kb7 {[%clk 0:05:33]} 32. Qxd5+
{[%clk 0:07:45]} Ka7 {[%clk 0:05:35]} 33. e6 {[%clk 0:07:40]} Rd8
{[%clk 0:05:41]} 34. Qe5 {[%clk 0:08:01]} Qxe5 {[%clk 0:04:51]} 35. Rxe5
{[%clk 0:08:11]} Kb7 {[%clk 0:04:25]} 36. Kh2 {[%clk 0:07:50]} Kc6
{[%clk 0:04:45]} 37. Kg3 {[%clk 0:08:14]} a5 {[%clk 0:02:52]} 38. e7
{[%clk 0:08:23]} Re8 {[%clk 0:03:17]} 39. Kf4 {[%clk 0:08:46]} Kd6
{[%clk 0:03:05]} 40. Kg5 {[%clk 0:08:54]} Rxe7 {[%clk 0:03:19]} 41. Rxe7
{[%clk 0:09:19]} Kxe7 {[%clk 0:03:42]} 42. Kxg6 {[%clk 0:09:47]} a4
{[%clk 0:03:59]} 43. a3 {[%clk 0:10:13]} 1-0

[Event "Glorney Gilbert International 2015 - Glorney"]
[Site "Johnstown House, Enfield, Co. Meath, Ireland"]
[Date "2015.07.22"]
[Round "5.6"]
[White "SCO Koehn, Lennart"]
[Black "ENG Willson, Ollie"]
[Result "1/2-1/2"]
[BlackElo "1909"]
[WhiteElo "1862"]
[LiveChessVersion "1.4.6"]

1. e4 c5 2. Nf3 e6 3. d3 d5 4. Nbd2 Nf6 5. g3 Nc6 6. Bg2 Be7 7. O-O O-O 8. Re1 b5
9. e5 Nd7 10. Nf1 Qc7 11. Bf4 a5 12. h4 Ba6 13. N1h2 Rac8 14. Ng4 Qb6
{[%clk 1:05:27]} 15. h5 {[%clk 1:17:23]} Nd4 {[%clk 0:43:24]} 16. Nh4
{[%clk 0:48:14]} b4 17. h6 g6 18. Qd2 {[%clk 0:48:14]} a4 {[%clk 0:43:24]} 19.
Bg5 Qd8 {[%clk 0:42:30]} 20. Bxe7 {[%clk 0:39:02]} Qxe7 {[%clk 0:42:54]} 21. c3
{[%clk 0:30:15]} Nb5 {[%clk 0:37:33]} 22. cxb4 {[%clk 0:27:39]} cxb4
{[%clk 0:37:53]} 23. Rac1 {[%clk 0:27:55]} Nd4 {[%clk 0:30:03]} 24. Nf3
{[%clk 0:25:41]} Nf5 {[%clk 0:22:29]} 25. Rxc8 {[%clk 0:13:03]} Rxc8
{[%clk 0:22:53]} 26. Rc1 {[%clk 0:12:27]} 1/2-1/2

[Event "Glorney Gilbert International 2015 - Glorney"]
[Site "Johnstown House, Enfield, Co. Meath, Ireland"]
[Date "2015.07.22"]
[Round "5.8"]
[White "SCO Milton, Carl"]
[Black "ENG Gallagher, Daniel"]
[Result "0-1"]
[BlackElo "1902"]
[WhiteElo "1777"]
[LiveChessVersion "1.4.6"]

1. d4 {[%clk 1:30:59]} Nf6 {[%clk 1:30:55]} 2. c4 {[%clk 1:31:26]} g6
{[%clk 1:31:19]} 3. Nc3 {[%clk 1:31:50]} Bg7 {[%clk 1:31:47]} 4. e4
{[%clk 1:32:11]} d6 {[%clk 1:32:14]} 5. Nf3 {[%clk 1:32:37]} O-O {[%clk 1:32:40]}
6. Be2 {[%clk 1:33:02]} e5 {[%clk 1:33:08]} 7. O-O {[%clk 1:33:25]} Nc6
{[%clk 1:33:37]} 8. d5 {[%clk 1:33:50]} Ne7 {[%clk 1:34:05]} 9. b4
{[%clk 1:34:01]} Nh5 {[%clk 1:34:25]} 10. Re1 {[%clk 1:34:11]} a5
{[%clk 1:34:08]} 11. bxa5 {[%clk 1:34:18]} Rxa5 {[%clk 1:33:57]} 12. Nd2
{[%clk 1:34:42]} Nf4 {[%clk 1:33:55]} 13. Bf1 {[%clk 1:33:42]} c5 14. dxc6 bxc6
{[%clk 1:32:14]} 15. Nb3 {[%clk 1:25:26]} Ra8 {[%clk 1:11:16]} 16. Qc2
{[%clk 0:30:03]} f5 {[%clk 1:11:16]} 17. c5 {[%clk 0:30:03]} d5 18. exd5 Nexd5
19. Bb2 {[%clk 0:30:03]} Nb4 {[%clk 1:11:16]} 20. Bc4+ {[%clk 0:27:11]} Kh8
{[%clk 1:10:58]} 21. Qb1 {[%clk 0:22:09]} Qg5 22. g3 {[%clk 0:20:24]} Nh3+
{[%clk 1:00:35]} 23. Kg2 {[%clk 0:20:35]} f4 {[%clk 0:39:24]} 24. Ne4
{[%clk 0:20:28]} Qh5 {[%clk 0:37:57]} 25. Nbd2 {[%clk 0:15:57]} Nxf2
{[%clk 0:22:53]} 26. Nxf2 {[%clk 0:14:50]} fxg3 {[%clk 0:23:03]} 27. hxg3
{[%clk 0:05:15]} Rxf2+ {[%clk 0:23:15]} 28. Kxf2 {[%clk 0:05:38]} Qh2+
{[%clk 0:23:30]} 29. Ke3 {[%clk 0:05:15]} Bf5 {[%clk 0:17:05]} 30. Ne4
{[%clk 0:03:12]} Bh6+ {[%clk 0:17:12]} 31. Kf3 {[%clk 0:03:17]} Bg4+
{[%clk 0:17:26]} 32. Kxg4 Qh5# 0-1

[Event "Glorney Gilbert International 2015 - Glorney"]
[Site "Johnstown House, Enfield, Co. Meath, Ireland"]
[Date "2015.07.22"]
[Round "5.9"]
[White "ENG Green, Michael"]
[Black "SCO Underwood, Jamie"]
[Result "1/2-1/2"]
[BlackElo "1534"]
[WhiteElo "1910"]
[LiveChessVersion "1.4.6"]

1. Nf3 {[%clk 1:30:57]} d5 {[%clk 1:28:51]} 2. c4 {[%clk 1:31:21]} c6
{[%clk 1:28:09]} 3. b3 {[%clk 1:31:43]} Nf6 {[%clk 1:27:45]} 4. g3
{[%clk 1:31:46]} e6 {[%clk 1:26:05]} 5. Bb2 Nbd7 {[%clk 1:24:00]} 6. Bg2
{[%clk 1:29:47]} Bd6 {[%clk 1:21:55]} 7. O-O {[%clk 1:27:25]} O-O
{[%clk 1:22:00]} 8. d3 {[%clk 1:24:14]} b6 {[%clk 1:21:25]} 9. e3
{[%clk 1:19:16]} Bb7 {[%clk 1:18:31]} 10. Qe2 {[%clk 1:16:15]} dxc4
{[%clk 1:13:59]} 11. bxc4 {[%clk 1:11:44]} Qc7 12. Nc3 {[%clk 1:10:06]} a6
{[%clk 1:10:14]} 13. Rac1 {[%clk 1:08:55]} c5 {[%clk 1:05:47]} 14. Rfd1 Rac8 15.
Qc2 Ne5 {[%clk 0:48:35]} 16. Nd2 {[%clk 0:37:02]} Bxg2 17. Kxg2 {[%clk 0:36:53]}
Nc6 {[%clk 0:45:45]} 18. Nce4 {[%clk 0:34:53]} Be5 {[%clk 0:34:15]} 19. Nxf6+
{[%clk 0:29:37]} Bxf6 {[%clk 0:32:02]} 20. Bxf6 {[%clk 0:30:01]} gxf6
{[%clk 0:32:19]} 21. Ne4 {[%clk 0:23:09]} f5 {[%clk 0:25:41]} 22. Ng5
{[%clk 0:16:32]} Rfd8 {[%clk 0:23:58]} 23. Kg1 {[%clk 0:15:08]} Qe7
{[%clk 0:20:13]} 24. Nf3 {[%clk 0:14:17]} e5 {[%clk 0:20:08]} 25. d4
{[%clk 0:07:58]} cxd4 {[%clk 0:17:42]} 26. exd4 {[%clk 0:05:58]} e4
{[%clk 0:17:45]} 27. d5 {[%clk 0:04:58]} Nb4 {[%clk 0:17:37]} 28. Qe2
{[%clk 0:05:18]} Qf6 {[%clk 0:16:07]} 29. Ne1 {[%clk 0:04:25]} a5
{[%clk 0:15:49]} 30. a3 {[%clk 0:03:38]} Na6 {[%clk 0:16:14]} 31. Rb1
{[%clk 0:02:34]} Nc5 {[%clk 0:16:14]} 32. Qb2 {[%clk 0:02:12]} Qxb2
{[%clk 0:15:10]} 33. Rxb2 {[%clk 0:02:40]} Rd6 {[%clk 0:15:08]} 34. Rc2
{[%clk 0:01:39]} Kf8 {[%clk 0:14:46]} 35. Ng2 {[%clk 0:01:19]} Ke8 36. Ne3
1/2-1/2